[Event "Osijek op 12th"]
[Site "Osijek"]
[Date "2019.02.22"]
[Round "3.27"]
[White "Sokcevic, Dario"]
[Black "Jurakic, Lukas"]
[Result "0-1"]
[WhiteElo "1528"]
[BlackElo "1850"]
[PlyCount "46"]
[EventDate "2019.02.21"]
[EventType "swiss"]
[EventRounds "7"]
[EventCountry "CRO"]
[SourceTitle "EXT 2023"]
[Source "ChessBase"]
[SourceDate "2022.10.05"]
[SourceVersion "1"]
[SourceVersionDate "2022.10.05"]
[SourceQuality "1"]

1. e4 c5 2. Nf3 e6 3. d4 cxd4 4. Nxd4 Nf6 5. Bd3 Nc6 6. Nxc6 bxc6 7. 0-0 d5 8. exd5 cxd5 9. b3 Bd6 10. Bb2 0-0 11. Nd2 e5 12. f3 Nh5 13. f4 Nxf4 14. Rxf4 exf4 15. Qh5 f5 16. Nf3 Qe8 17. Qh4 Bd7 18. c4 Qe3+ 19. Kh1 Qxd3 20. Qg5 Rf7 21. Re1 dxc4 22. bxc4 Bc6 23. Nd4 Qd2 0-1